| 000 | 00541nam a2200169 4500 | ||
|---|---|---|---|
| 001 | 112265 | ||
| 003 | ES-MaACL | ||
| 005 | 20230906185503.0 | ||
| 007 | t| | ||
| 008 | 061121s1974 sp r ||||1| spa d | ||
| 100 | 1 |
_aOrtega Costa, Antonio de P. _987448 |
|
| 245 | 1 | 0 |
_aNoticia de Cabarrús y de su procesamiento / _cAntonio de P. Ortega Costa, Ana María García Osma. |
| 260 |
_aMadrid : _bFerreira, _c1974. |
||
| 300 |
_a264 p., 3 lám. ; _c18 cm. |
||
| 700 | 1 |
_aGarcía Osma, Ana María. _955066 |
|
| 852 |
_aES-MaACL _jE-6777 _bR.90885 |
||
| 999 |
_c112265 _d112265 |
||